000 00587nam a2200229Ia 4500
005 20250425161757.0
008 250425s9999 xx 000 0 und d
020 _a9586006905
041 _aspa
082 _a658.4
100 _aHARRINGTON, H. JAMES
245 0 _aADMINISTRACION TOTAL DEL MEJORAMIENTO CONTINUO: LA NUEVA GENERACION
250 _a1A ED.
260 _aBOGOTA
260 _aColombia
_bMCGRAW HILL
_c1997
300 _a506
650 _aCALIDAD TOTAL
650 _aGESTION ESTRATEGICA
700 _aLEONARDO CANO
_etraductor
942 _c01
010 _a28605
999 _c215906
_d215906